书目信息 |
| 题名: |
二十一个半
|
|
| 作者: | 刘立中 著 | |
| 分册: | ||
| 出版信息: | 北京 作家出版社 1998.12 |
|
| 页数: | 783页 | |
| 开本: | 32开 | |
| 丛书名: | ||
| 单 册: | ||
| 中图分类: | I247.57 | |
| 科图分类: | ||
| 主题词: | 小说--中国 | |
| 电子资源: | ||
| ISBN: | 7-5063-1599-8 | |
| 000 | 00527nam0 2200193 45 | |
| 001 | 0106130963 | |
| 005 | 20010613094516.7 | |
| 010 | @a7-5063-1599-8@d33.00元 | |
| 100 | @a20010613d1998 km y0chiy0120 ea | |
| 101 | 0 | @achi |
| 105 | @a z 000yy | |
| 200 | 1 | @a二十一个半@AEr Shi Yi Ge Ban@f刘立中著@FLiu Li Zhong Zhu |
| 210 | @a北京@c作家出版社@d1998.12 | |
| 215 | @a783页@d32开 | |
| 606 | 0 | @a小说@x中国 |
| 690 | @aI247.57@v3 | |
| 701 | 0 | @a刘立中@4著 |
| 801 | @aCN@bPftUser@c20010613 | |
| 905 | @f5@b347019-023@dI247.57@eL969 | |
| 二十一个半/刘立中著.-北京:作家出版社,1998.12 |
| 783页;32开 |
| ISBN 7-5063-1599-8:33.00元 |
| ● |
| 相关链接 |
|
|
|
正题名:二十一个半
索取号:I247.57/L969
 
预约/预借
| 序号 | 登录号 | 条形码 | 馆藏地/架位号 | 状态 | 备注 |
| 1 | 347019 | 203470190 | 文学库108/ [索取号:I247.57/L969] | 在馆 | |
| 2 | 347020 | 203470207 | 社科二线422/422社科库 2排1列5层/ [索取号:I247.57/L969] | 在馆 | |
| 3 | 347021 | 203470216 | 社科二线422/422社科库 3排2列6层/ [索取号:I247.57/L969] | 在馆 | |
| 4 | 347022 | 203470225 | 社科二线422/422社科库 2排1列5层/ [索取号:I247.57/L969] | 在馆 | |
| 5 | 347023 | 203470234 | 文学库108/ [索取号:I247.57/L969] | 在馆 |